UK Towns Quiz - Monmouthshire - Wales - Statistics

General Stats
  • This quiz has been taken 41 times
  • The average score is 9 of 16
Answer Stats
Clue Population Town % Correct
M 10,317 Monmouth
100%
A 13,691 Abergavenny
95%
U 2,313 Usk
90%
C 9,813 Caldicot
86%
C 11,934 Chepstow
86%
U 5,737 Undy
81%
R 1,176 Raglan
71%
C 1,524 Caerwent
57%
P 1,628 Portskewett
48%
G 2,185 Gilwern
43%
R 1,790 Rogiet
43%
L 2,006 Llanfoist
38%
S 627 Sudbrook
38%
S 704 St Arvans
24%
P 1,398 Penperlleni
19%
G 1,342 Govilin
10%
No matching quizzes found
Score Distribution
Percent of People with Each Score
Percentile by Number Answered
Your Score History
You have not taken this quiz